UEFA 2019 - where Football and Jetpunk don't agree! - Statistics

General Stats
  • This quiz has been taken 51 times
  • The average score is 9 of 12
Answer Stats
country % Correct
Israel
81%
Cyprus
79%
Gibraltar
77%
Georgia
74%
Armenia
72%
England
72%
Wales
70%
Azerbaijan
68%
Scotland
68%
Northern Ireland
66%
Kazakhstan
64%
Faroe Islands
62%
No matching quizzes found
Score Distribution
Percent of People with Each Score
Percentile by Number Answered
Your Score History
You have not taken this quiz